| 000 | 00904nam a22003017a 4500 | ||
|---|---|---|---|
| 003 | CHAP | ||
| 005 | 20220329135226.0 | ||
| 008 | 971013s1938 us a r 00010 eng d | ||
| 010 | _a32919 | ||
| 011 | _a33891 | ||
| 035 | _a38007 | ||
| 040 | _cCHAP | ||
| 082 | 0 | 4 |
_a631.45 _bL67 |
| 100 | 0 | 0 |
_aLord, Russell. _968516 |
| 245 | 1 | _aBehold our land | |
| 260 |
_aBoston : _bHoughton Mifflin, _c1938 |
||
| 300 |
_a309 p. _b: ilus. |
||
| 590 |
_aBATCH-UPD _b10 _c20130110 _lUCH01 _h2253 |
||
| 590 |
_aBATCH-UPD _b10 _c20130409 _lUCH01 _h2125 |
||
| 590 |
_aBATCH-UPD _b10 _c20130410 _lUCH01 _h1547 |
||
| 590 |
_aBATCH-UPD _b10 _c20130914 _lUCH01 _h1316 |
||
| 590 |
_aCONVERSION _b10 _c20130109 _lUCH01 _h1319 |
||
| 650 | 1 | 4 |
_aErosión _xPrevención y control. _937337 |
| 650 | 1 | 4 |
_aSuelos _xConservación _xE.U.A. _9110296 |
| 901 | _aBK | ||
| 942 | _cLIBRO | ||
| 949 |
_a631.45 L67 _bBC _cBPP _d-87029 _eBPP _h21394 _i38007 _si |
||
| 999 |
_c32919 _d32919 |
||